<?xml version="1.0" encoding="UTF-8"?>
<record
    xmlns:xsi="http://www.w3.org/2001/XMLSchema-instance"
    xsi:schemaLocation="http://www.loc.gov/MARC21/slim http://www.loc.gov/standards/marcxml/schema/MARC21slim.xsd"
    xmlns="http://www.loc.gov/MARC21/slim">

  <leader>02834cam a2200313 a 4500</leader>
  <controlfield tag="003">EG-GiCUC</controlfield>
  <controlfield tag="005">20250223032601.0</controlfield>
  <controlfield tag="008">200921s2020    ua     f m    000 0 ara d</controlfield>
  <datafield tag="040" ind1=" " ind2=" ">
    <subfield code="a">EG-GiCUC</subfield>
    <subfield code="b">ara</subfield>
    <subfield code="c">EG-GiCUC</subfield>
  </datafield>
  <datafield tag="041" ind1="0" ind2=" ">
    <subfield code="a">ara</subfield>
  </datafield>
  <datafield tag="049" ind1=" " ind2=" ">
    <subfield code="a">&#x627;&#x64A;&#x62F;&#x627;&#x639;</subfield>
  </datafield>
  <datafield tag="097" ind1=" " ind2=" ">
    <subfield code="a">&#x645;&#x627;&#x62C;&#x633;&#x62A;&#x64A;&#x631;</subfield>
  </datafield>
  <datafield tag="099" ind1=" " ind2=" ">
    <subfield code="a">Cai01.04.08.M.Sc.2020.&#x639;&#x628;.&#x633;</subfield>
  </datafield>
  <datafield tag="100" ind1="0" ind2=" ">
    <subfield code="a">&#x639;&#x628;&#x62F;&#x627;&#x644;&#x62D;&#x643;&#x645; &#x627;&#x633;&#x645;&#x627;&#x639;&#x64A;&#x640;&#x644; &#x627;&#x644;&#x639;&#x645;&#x627;&#x631;</subfield>
  </datafield>
  <datafield tag="245" ind1="1" ind2="2">
    <subfield code="a">&#x627;&#x644;&#x633;&#x631;&#x64A;&#x629; &#x627;&#x644;&#x645;&#x635;&#x631;&#x641;&#x64A;&#x629; : </subfield>
    <subfield code="b">&#x62F;&#x631;&#x627;&#x633;&#x629; &#x645;&#x642;&#x627;&#x631;&#x646;&#x629; &#x628;&#x64A;&#x646; &#x627;&#x644;&#x642;&#x627;&#x646;&#x648;&#x646;&#x64A;&#x646; &#x627;&#x644;&#x633;&#x648;&#x631;&#x649; &#x648; &#x627;&#x644;&#x645;&#x635;&#x631;&#x649; / </subfield>
    <subfield code="c">&#x639;&#x628;&#x62F;&#x627;&#x644;&#x62D;&#x643;&#x645; &#x627;&#x633;&#x645;&#x627;&#x639;&#x64A;&#x640;&#x644; &#x627;&#x644;&#x639;&#x645;&#x627;&#x631; &#x61B; &#x625;&#x634;&#x631;&#x627;&#x641; &#x645;&#x62D;&#x645;&#x62F; &#x628;&#x647;&#x62C;&#x62A; &#x639;&#x628;&#x62F;&#x627;&#x644;&#x644;&#x647; &#x642;&#x627;&#x64A;&#x62F;</subfield>
  </datafield>
  <datafield tag="260" ind1=" " ind2=" ">
    <subfield code="a">&#x627;&#x644;&#x642;&#x627;&#x647;&#x631;&#x629; : </subfield>
    <subfield code="b">&#x639;&#x628;&#x62F;&#x627;&#x644;&#x62D;&#x643;&#x645; &#x627;&#x633;&#x645;&#x627;&#x639;&#x64A;&#x640;&#x644; &#x627;&#x644;&#x639;&#x645;&#x627;&#x631; : </subfield>
    <subfield code="c">2020</subfield>
  </datafield>
  <datafield tag="300" ind1=" " ind2=" ">
    <subfield code="a">190&#x635; &#x61B; </subfield>
    <subfield code="c">25&#x633;&#x645;</subfield>
  </datafield>
  <datafield tag="502" ind1=" " ind2=" ">
    <subfield code="a">&#x627;&#x637;&#x631;&#x648;&#x62D;&#x629; (&#x645;&#x627;&#x62C;&#x633;&#x62A;&#x64A;&#x631;) - &#x62C;&#x627;&#x645;&#x639;&#x629; &#x627;&#x644;&#x642;&#x627;&#x647;&#x631;&#x629; - &#x643;&#x644;&#x64A;&#x629; &#x627;&#x644;&#x62D;&#x642;&#x648;&#x642; - &#x642;&#x633;&#x645; &#x627;&#x644;&#x642;&#x627;&#x646;&#x648;&#x646; &#x627;&#x644;&#x62A;&#x62C;&#x627;&#x631;&#x649; &#x648; &#x627;&#x644;&#x628;&#x62D;&#x631;&#x649;</subfield>
  </datafield>
  <datafield tag="520" ind1=" " ind2=" ">
    <subfield code="a">&#x62A;&#x639;&#x62F; &#x627;&#x644;&#x633;&#x631;&#x64A;&#x629; &#x627;&#x644;&#x645;&#x635;&#x631;&#x641;&#x64A;&#x629; &#x633;&#x645;&#x629; &#x645;&#x646; &#x633;&#x645;&#x627;&#x62A; &#x627;&#x644;&#x639;&#x645;&#x644; &#x627;&#x644;&#x645;&#x635;&#x631;&#x641;&#x649;: &#x628;&#x644; &#x647;&#x649; &#x627;&#x644;&#x633;&#x651;&#x645;&#x629; &#x627;&#x644;&#x623;&#x633;&#x627;&#x633;&#x64A;&#x629; &#x644;&#x644;&#x645;&#x635;&#x631;&#x641; &#x628;&#x648;&#x635;&#x641;&#x647; &#x645;&#x624;&#x62A;&#x645;&#x646;&#x627;&#x64B; &#x639;&#x644;&#x64A;&#x647;&#x627;: &#x641;&#x627;&#x644;&#x62A;&#x632;&#x627;&#x645; &#x627;&#x644;&#x645;&#x635;&#x631;&#x641; &#x628;&#x62D;&#x641;&#x638; &#x628;&#x64A;&#x627;&#x646;&#x627;&#x62A; &#x627;&#x644;&#x639;&#x645;&#x64A;&#x644; &#x648; &#x639;&#x645;&#x644;&#x64A;&#x627;&#x62A;&#x647; &#x627;&#x644;&#x645;&#x635;&#x631;&#x641;&#x64A;&#x629; &#x64A;&#x62C;&#x639;&#x644;&#x647; &#x645;&#x642;&#x635;&#x62F;&#x627; &#x644;&#x623;&#x645;&#x648;&#x627;&#x644; &#x627;&#x644;&#x623;&#x634;&#x62E;&#x627;&#x635; &#x627;&#x644;&#x630;&#x64A;&#x646; &#x64A;&#x62D;&#x631;&#x635;&#x648;&#x646; &#x639;&#x644;&#x649; &#x625;&#x62E;&#x641;&#x627;&#x621; &#x645;&#x631;&#x643;&#x632;&#x647;&#x645; &#x627;&#x644;&#x645;&#x627;&#x644;&#x649; &#x644;&#x62D;&#x642;&#x647;&#x645; &#x641;&#x649; &#x62D;&#x64A;&#x627;&#x62A;&#x647;&#x645; &#x627;&#x644;&#x62E;&#x627;&#x635;&#x629; &#x627;&#x644;&#x62A;&#x649; &#x62D;&#x645;&#x627;&#x647;&#x627; &#x644;&#x647;&#x645; &#x627;&#x644;&#x642;&#x627;&#x646;&#x648;&#x646; &#x648; &#x627;&#x644;&#x62F;&#x633;&#x62A;&#x648;&#x631;: &#x648; &#x644;&#x62D;&#x642;&#x647;&#x645; &#x641;&#x649; &#x627;&#x644;&#x62D;&#x641;&#x627;&#x638; &#x639;&#x644;&#x649; &#x645;&#x635;&#x627;&#x644;&#x62D;&#x647;&#x645; &#x627;&#x644;&#x62A;&#x62C;&#x627;&#x631;&#x64A;&#x629; &#x648; &#x627;&#x644;&#x635;&#x646;&#x627;&#x639;&#x64A;&#x629; &#x62E;&#x634;&#x64A;&#x629; &#x645;&#x646;&#x627;&#x641;&#x633;&#x629; &#x623;&#x642;&#x631;&#x627;&#x646;&#x647;&#x645; &#x645;&#x646; &#x627;&#x644;&#x635;&#x646;&#x627;&#x639;&#x64A;&#x64A;&#x646; &#x648; &#x627;&#x644;&#x62A;&#x62C;&#x627;&#x631; &#x633;&#x648;&#x627;&#x621; &#x623;&#x643;&#x627;&#x646; &#x630;&#x644;&#x643; &#x628;&#x637;&#x631;&#x64A;&#x642;&#x629; &#x645;&#x634;&#x631;&#x648;&#x639;&#x629; &#x623;&#x645; &#x63A;&#x64A;&#x631; &#x645;&#x634;&#x631;&#x648;&#x639;&#x629;. &#x648; &#x64A;&#x642;&#x648;&#x645; &#x627;&#x644;&#x646;&#x638;&#x627;&#x645; &#x627;&#x644;&#x642;&#x627;&#x646;&#x648;&#x646;&#x649; &#x644;&#x644;&#x633;&#x651;&#x631; &#x627;&#x644;&#x645;&#x635;&#x631;&#x641;&#x649; &#x639;&#x644;&#x649; &#x623;&#x633;&#x627;&#x633; &#x627;&#x644;&#x62A;&#x632;&#x627;&#x645; &#x627;&#x644;&#x645;&#x635;&#x631;&#x641; &#x628;&#x643;&#x62A;&#x645;&#x627;&#x646; &#x627;&#x644;&#x648;&#x642;&#x627;&#x626;&#x639; &#x627;&#x644;&#x62A;&#x649; &#x62A;&#x639;&#x647;&#x62F; &#x625;&#x644;&#x64A;&#x647; &#x628;&#x645;&#x646;&#x627;&#x633;&#x628;&#x629; &#x645;&#x628;&#x627;&#x634;&#x631;&#x629; &#x646;&#x634;&#x627;&#x637;&#x647;&#x60C; &#x648; &#x647;&#x648; &#x627;&#x644;&#x62A;&#x632;&#x627;&#x645; &#x633;&#x644;&#x628;&#x649; &#x64A;&#x645;&#x643;&#x651;&#x646; &#x627;&#x644;&#x645;&#x635;&#x631;&#x641;: &#x628;&#x644; &#x64A;&#x648;&#x62C;&#x628; &#x639;&#x644;&#x64A;&#x647; &#x627;&#x644;&#x627;&#x62D;&#x62A;&#x62C;&#x627;&#x62C; &#x628;&#x627;&#x644;&#x633;&#x651;&#x631; &#x641;&#x649; &#x645;&#x648;&#x627;&#x62C;&#x647;&#x629; &#x627;&#x644;&#x645;&#x62D;&#x627;&#x648;&#x644;&#x627;&#x62A; &#x627;&#x644;&#x62A;&#x649; &#x62A;&#x633;&#x62A;&#x647;&#x62F;&#x641; &#x643;&#x634;&#x641;&#x647; &#x62D;&#x62A;&#x649; &#x644;&#x627; &#x64A;&#x62E;&#x644; &#x628;&#x627;&#x644;&#x62A;&#x632;&#x627;&#x645;&#x647; &#x628;&#x627;&#x644;&#x645;&#x62D;&#x627;&#x641;&#x638;&#x629; &#x639;&#x644;&#x649; &#x627;&#x644;&#x633;&#x651;&#x631;: &#x645;&#x645;&#x627; &#x64A;&#x639;&#x631;&#x636;&#x647; &#x62D;&#x627;&#x644; &#x627;&#x644;&#x625;&#x62E;&#x644;&#x627;&#x644; &#x644;&#x62C;&#x632;&#x627;&#x621;&#x627;&#x62A; &#x62C;&#x646;&#x627;&#x626;&#x64A;&#x629; &#x648; &#x645;&#x62F;&#x646;&#x64A;&#x629; &#x648; &#x62A;&#x623;&#x62F;&#x64A;&#x628;&#x64A;&#x629;. &#x648; &#x644;&#x627; &#x64A;&#x639;&#x62F; &#x646;&#x637;&#x627;&#x642; &#x627;&#x644;&#x62A;&#x642;&#x64A;&#x62F; &#x628;&#x627;&#x644;&#x633;&#x651;&#x640;&#x640;&#x631; &#x627;&#x644;&#x645;&#x635;&#x631;&#x641;&#x649; &#x645;&#x637;&#x644;&#x642;&#x627;&#x64B;: &#x628;&#x644; &#x648;&#x631;&#x62F; &#x639;&#x644;&#x64A;&#x647; &#x628;&#x639;&#x636; &#x627;&#x644;&#x627;&#x633;&#x62A;&#x62B;&#x646;&#x627;&#x621;&#x627;&#x62A; &#x627;&#x644;&#x645;&#x62D;&#x62F;&#x62F;&#x629; &#x648; &#x630;&#x644;&#x643; &#x62A;&#x644;&#x628;&#x64A;&#x629; &#x644;&#x62D;&#x627;&#x62C;&#x627;&#x62A; &#x627;&#x644;&#x645;&#x635;&#x644;&#x62D;&#x629; &#x627;&#x644;&#x639;&#x627;&#x645;&#x629;: &#x648; &#x62D;&#x641;&#x627;&#x638;&#x627;&#x64B; &#x639;&#x644;&#x649; &#x62D;&#x642; &#x627;&#x644;&#x63A;&#x64A;&#x631;</subfield>
  </datafield>
  <datafield tag="530" ind1=" " ind2=" ">
    <subfield code="a">&#x635;&#x62F;&#x631; &#x627;&#x64A;&#x636;&#x627; &#x643;&#x642;&#x631;&#x635; &#x645;&#x62F;&#x645;&#x62C;</subfield>
  </datafield>
  <datafield tag="653" ind1=" " ind2="4">
    <subfield code="a">&#x627;&#x644;&#x633;&#x631;&#x64A;&#x629;</subfield>
  </datafield>
  <datafield tag="653" ind1=" " ind2="4">
    <subfield code="a">&#x627;&#x644;&#x642;&#x627;&#x646;&#x648;&#x646; &#x627;&#x644;&#x633;&#x648;&#x631;&#x649;</subfield>
  </datafield>
  <datafield tag="653" ind1=" " ind2="4">
    <subfield code="a">&#x627;&#x644;&#x642;&#x627;&#x646;&#x648;&#x646; &#x627;&#x644;&#x645;&#x635;&#x631;&#x649;</subfield>
  </datafield>
  <datafield tag="700" ind1="0" ind2=" ">
    <subfield code="a">&#x645;&#x62D;&#x645;&#x62F; &#x628;&#x647;&#x62C;&#x62A; &#x639;&#x628;&#x62F;&#x627;&#x644;&#x644;&#x647; &#x642;&#x627;&#x64A;&#x62F; : </subfield>
    <subfield code="e">&#x645;&#x634;&#x631;&#x641;</subfield>
  </datafield>
  <datafield tag="856" ind1=" " ind2=" ">
    <subfield code="u">http://172.23.153.220/th.pdf</subfield>
  </datafield>
  <datafield tag="905" ind1=" " ind2=" ">
    <subfield code="a">Nazla</subfield>
    <subfield code="e">Revisor</subfield>
  </datafield>
  <datafield tag="905" ind1=" " ind2=" ">
    <subfield code="a">Samia</subfield>
    <subfield code="e">Cataloger</subfield>
  </datafield>
  <datafield tag="942" ind1=" " ind2=" ">
    <subfield code="2">ddc</subfield>
    <subfield code="c">TH</subfield>
  </datafield>
  <datafield tag="999" ind1=" " ind2=" ">
    <subfield code="c">77848</subfield>
    <subfield code="d">77848</subfield>
  </datafield>
  <datafield tag="952" ind1=" " ind2=" ">
    <subfield code="2">ddc</subfield>
    <subfield code="7">0</subfield>
    <subfield code="a">CUCL</subfield>
    <subfield code="b">cl210</subfield>
    <subfield code="d">2024-02-11</subfield>
    <subfield code="o">Cai01.04.08.M.Sc.2020.&#x639;&#x628;.&#x633;</subfield>
    <subfield code="p">01010100027332000</subfield>
    <subfield code="r">2023-09-22 00:00:00</subfield>
    <subfield code="y">TH</subfield>
  </datafield>
  <datafield tag="952" ind1=" " ind2=" ">
    <subfield code="2">ddc</subfield>
    <subfield code="7">0</subfield>
    <subfield code="a">CUCL</subfield>
    <subfield code="b">cl2u8</subfield>
    <subfield code="d">2024-02-11</subfield>
    <subfield code="o">Cai01.04.08.M.Sc.2020.&#x639;&#x628;.&#x633;</subfield>
    <subfield code="p">01020100027332000</subfield>
    <subfield code="r">2023-09-22 00:00:00</subfield>
    <subfield code="t">27332.CD</subfield>
    <subfield code="y">CD</subfield>
  </datafield>
</record>
